Catálogo público

Estudio técnico e ingenieril de una planta elaboradora y envasadora de frutas y hortalizas, Silao, Guanajuato / (Record no. 176422)

MARC details
000 -CABECERA
campo de control de longitud fija 01934nam a2200421 a 4500
001 - NÚMERO DE CONTROL
campo de control dia_5493
003 - IDENTIFICADOR DEL NÚMERO DE CONTROL
campo de control CHAP
005 - FECHA Y HORA DE LA ÚLTIMA TRANSACCIÓN
campo de control 20250908093926.0
007 - CAMPO FIJO DE DESCRIPCIÓN FÍSICA--INFORMACIÓN GENERAL
campo de control de longitud fija ta
008 - DATOS DE LONGITUD FIJA--INFORMACIÓN GENERAL
campo de control de longitud fija 220117s1991 mx ade f 001 0 spa d
040 ## - FUENTE DE LA CATALOGACIÓN
Centro/agencia transcriptor CHAP
Centro catalogador/agencia de origen mxchpua
090 ## - LOCALMENTE ASIGNADO TIPO-LC NÚMERO DE CLASIFICACIÓN (OCLC); NÚMERO DE CLASIFICACIÓN LOCAL (RLIN)
Número de clasificación (OCLC) (R) ; Numero de clasificación, CALL (RLIN) (NR) T.C.117
Número cutter local (OCLC) ; Número de libro/Signatura topográfica íntegra, CALL (RLIN) E87 ETIPA
Año 1991
245 10 - MENCIÓN DE TÍTULO
Título Estudio técnico e ingenieril de una planta elaboradora y envasadora de frutas y hortalizas, Silao, Guanajuato /
Mención de responsabilidad, etc. coordinadores Teodoro Espinosa Solares y Crescenciano Saucedo Veloz ; colaborador Pablo Aguilar Flores...[et al.]
260 ## - PUBLICACIÓN, DISTRIBUCIÓN, ETC.
Lugar de publicación, distribución, etc. México :
Nombre del editor, distribuidor, etc. El autor,
Fecha de publicación, distribución, etc. 1991
300 ## - DESCRIPCIÓN FÍSICA
Extensión cerca 100 hojas :
Otras características físicas ilustraciones, tablas, gráficas, planos
336 ## - TIPO DE CONTENIDO
Fuente rdacontent
Término de tipo de contenido texto
Código de tipo de contenido txt
337 ## - TIPO DE MEDIO
Fuente rdamedia
Nombre/término del tipo de medio sin medio
Código del tipo de medio n
338 ## - TIPO DE SOPORTE
Fuente rdacarrier
Nombre/término del tipo de soporte volumen
Código del tipo de soporte nc
500 ## - NOTA GENERAL
Nota general Grado : 7° año
502 ## - NOTA DE TESIS
Nota de tesis Viaje de estudios
Tipo de título (ETIPA) --
Nombre de la institución que otorga el título UACh. Departamento de Ingeniería Agroindustrial,
Año de obtención del título 1991
504 ## - NOTA DE BIBLIOGRAFÍA, ETC.
Nota de bibliografía, etc. Incluye bibliografía
505 00 - NOTA DE CONTENIDO CON FORMATO
Nota de contenido con formato Contiene 6 planos : <br/>1.Diagrama de recorrido de la alcachofa --<br/>2.Diagrama de recorrido de chiles jalapeños --<br/>3.Diagrama de recorrido de chile largo --<br/>4.Diagrama de recorrido de espárragos --<br/>5.Diagrama de recorrido de mermelada de fresa --<br/>6.Diagrama de recorrido de pepino picado
650 13 - PUNTO DE ACCESO ADICIONAL DE MATERIA--TÉRMINO DE MATERIA
Término de materia o nombre geográfico como elemento de entrada Envasado de alimentos
Subdivisión general Industria y comercio
-- México
-- Guanajuato
9 (RLIN) 158787
650 13 - PUNTO DE ACCESO ADICIONAL DE MATERIA--TÉRMINO DE MATERIA
Término de materia o nombre geográfico como elemento de entrada Fruta
Subdivisión general Proceso
9 (RLIN) 158789
650 13 - PUNTO DE ACCESO ADICIONAL DE MATERIA--TÉRMINO DE MATERIA
Término de materia o nombre geográfico como elemento de entrada Legumbres
Subdivisión general Proceso
9 (RLIN) 158790
650 23 - PUNTO DE ACCESO ADICIONAL DE MATERIA--TÉRMINO DE MATERIA
Término de materia o nombre geográfico como elemento de entrada Food packing
9 (RLIN) 148658
Subdivisión general Industry and trade
Subdivisión geográfica Mexico
-- Guanajuato
650 13 - PUNTO DE ACCESO ADICIONAL DE MATERIA--TÉRMINO DE MATERIA
Término de materia o nombre geográfico como elemento de entrada Fruits (food)
9 (RLIN) 158788
650 13 - PUNTO DE ACCESO ADICIONAL DE MATERIA--TÉRMINO DE MATERIA
Término de materia o nombre geográfico como elemento de entrada Legumes
9 (RLIN) 154257
700 1# - PUNTO DE ACCESO ADICIONAL--NOMBRE DE PERSONA
Nombre de persona Aguilar Flores, Pablo
Término indicativo de función/relación colaborador
9 (RLIN) 2701
700 1# - PUNTO DE ACCESO ADICIONAL--NOMBRE DE PERSONA
Nombre de persona Espinosa Solares, Teodoro
9 (RLIN) 153069
Término indicativo de función/relación coordinador
700 1# - PUNTO DE ACCESO ADICIONAL--NOMBRE DE PERSONA
Nombre de persona Saucedo Veloz, Crescenciano
Término indicativo de función/relación coordinador
9 (RLIN) 102735
942 ## - ELEMENTOS DE PUNTO DE ACCESO ADICIONAL (KOHA)
Fuente del sistema de clasificación o colocación Clasificación Universidad Autónoma de Chapingo
901 ## - ELEMENTOS DE DATOS A LOCAL LDA (RLIN)
a T.C.117 E87 ETIPA 1991
902 ## - ELEMENTOS DE DATOS B LOCAL, LDB (RLIN)
a M
905 ## - ELEMENTOS DE DATOS E LOCAL, LDE (RLIN)
a 5332271991 mx in 8222223322spa16
942 ## - ELEMENTOS DE PUNTO DE ACCESO ADICIONAL (KOHA)
Tipo de ítem Koha Viaje de Estudios
Holdings
Estado de retiro Estado de pérdida Fuente del sistema de clasificación o colocación Estado dañado Restricciones de uso No para préstamo Código de colección Localización permanente Ubicación/localización actual Fecha de adquisición Fuente de adquisición Total de préstamos Signatura topográfica completa Código de barras Fecha visto por última vez Número de copia Precio válido a partir de Tipo de ítem Koha
    Clasificación Universidad Autónoma de Chapingo   Préstamo interno   Viajes de Estudio Ingenieria Agroindustrial Ingenieria Agroindustrial 18/01/2022 El autor   T.C.117 E87 ETIPA 1991 1106008066 26/01/2026 Ej.1 18/01/2022 Viaje de Estudios